000 00757nas a2200253 4500
001 BR8002498
003 BR-BrBNA
005 20231205084310.0
007 ta
008 230509b bl.|||p| |||| 00| 00por d
040 _aBR-BrBNA
_bpor
_cBiblioteca Nacional de Agricultura
041 _a(Pt)
072 _aL00; N10
100 1 _aAnon.
245 1 _aNo alimento da rainha a fonte da eterna juventude [Apicultura; Abelha; Geleia; Instalacao agricola; Brasil]
650 _aProducao animal
650 _aApicultura
650 _aAbelha
650 _aGeleia
650 _aInstalacao agricola
773 0 _tEMATER-Rio Revista (Brazil)
_x
_g(Jun 1980), v. 4(12) p. 16-17
_wBR8002498
909 _a202311
_bLúcia
_c55
_dLúcia Elande
942 _2AGRIS
_n0
_cANA
999 _c104363
_d104363